| 000 | 01477cam a22004214a 4500 | ||
|---|---|---|---|
| 003 | PE-LiUPU | ||
| 005 | 20250731173203.0 | ||
| 008 | 1962s1962 sp a rb 000 0 spa d | ||
| 035 | _aPE-LiUPU37021 | ||
| 040 |
_aPE-LiUPU _bspa _cPE-LiUPU _erda |
||
| 082 | 0 | 4 |
_a296.155 _bL213b _223 |
| 100 | 1 |
_aLamadrid, Antonio G., _eautor. _95836 |
|
| 245 | 1 | 0 |
_aBeduinos, monjes y tesoros / _cAntonio G. Lamadrid. |
| 264 | 1 |
_aMadrid : _bCentro Bíblico Hispano Americano, _c1962. |
|
| 300 |
_a117 páginas : _bilustraciones ; _c20 cm |
||
| 336 |
_atexto _2rdacontent |
||
| 337 |
_asin mediación _2rdamedia |
||
| 338 |
_avolumen _2rdacarrier |
||
| 504 | _aIncluye referencias bibliográficas. | ||
| 505 | 0 | _aHistoria de los descubrimientos -- La biblioteca de Qumrán -- Edición del material -- Marco cronológico -- Los monjes de Qumrán: Su vida -- Los monjes de Qumrán: Sus creencias -- Significado de los descubrimientos. | |
| 526 | _aSEG42 | ||
| 526 | _aSEG41 | ||
| 526 | _aSEG40 | ||
| 526 | _aSEG39 | ||
| 526 | _aP94 | ||
| 526 | _aP87 | ||
| 526 | _aP86 | ||
| 526 | _aP85 | ||
| 526 | _aP77 | ||
| 526 | _aP76 | ||
| 526 | _aP35 | ||
| 650 | 1 | 4 |
_aManuscritos del Mar Muerto _xHistoria y crítica. _95837 |
| 650 | 2 | 4 |
_aSectas judías _xHistoria antigua. _95838 |
| 651 | 0 |
_aQumrán (Israel) _xHistoria. _zIsrael. _95840 |
|
| 942 |
_2ddc _cBK |
||
| 980 |
_81 _gALBERTO SANCHEZ Responsable de Automatización |
||
| 999 |
_c37957 _d37957 |
||